| 000 | 00709nam a22001577a 4500 | ||
|---|---|---|---|
| 003 | OSt | ||
| 005 | 20151104150933.0 | ||
| 008 | 151104b xxu||||| |||| 00| 0 eng d | ||
| 040 | _cRUA | ||
| 082 | _aFOR SOK 1997 B123 Or.1 | ||
| 100 |
_93353 _aSOK, SAMNANG. |
||
| 245 | _aCommunity forestry : study to identify minimum condition for successful project intervention, ទស្សនៈវិស័យលើល័ក្ខខ័ណ្ឌមួយចំនួនសំរាប់បង្កអោយទទួលជោគជ័យក្នុងគំរោងអភិវឌ្ឍន៍សហគមន៍ព្រៃឈើ | ||
| 260 |
_aPhnom Penh _bRUA _c1997 |
||
| 300 |
_a49p. _bill. _c29cm. |
||
| 942 |
_2ddc _cFOR |
||
| 999 |
_c3126 _d3126 |
||